000 00530nam a2200157Ia 4500
008 151213s9999 xx 000 0 und d
020 _a0-671-00756-4
100 _aWalter James Millar / Borrise , E. Nekser
245 _aSamuel Buckets Waiting for Godot and Others Wark
_cWalter James Millar / Borrise , E. Nekser
260 _aNew York
_bSimon and Schuster
_c1971
300 _a4907 p.
650 _aEnglish Literature
650 _aEnglish Literature
700 _aWalter James Millar / Borrise , E. Nekser
999 _c3084
_d3084